El liberalismo doctrinario
Bewaard in:
| Hoofdauteur: | |
|---|---|
| Formaat: | Boek |
| Taal: | Spaans |
| Gepubliceerd in: |
Madrid
Instituto de Estudios Políticos
1945
|
| Onderwerpen: | |
| Tags: |
Voeg label toe
Geen labels, Wees de eerste die dit record labelt!
|
MARC
| LEADER | 00000nam a2200000 a 4500 | ||
|---|---|---|---|
| 001 | UCT6223 | ||
| 003 | CL-VaPUC | ||
| 008 | 970106e19450000SP |||||||||||||||||spa|d | ||
| 082 | 0 | 4 | |a 320.512 |b DIE |2 21 |
| 100 | |a Díez del Corral, Luis |e author |9 435486 | ||
| 245 | 1 | 3 | |a El liberalismo doctrinario |
| 300 | |a 616 p | ||
| 942 | |c BK | ||
| 945 | |d 19970106 00:00:00 |a paguirre | ||
| 260 | |a Madrid |b Instituto de Estudios Políticos |c 1945 | ||
| 650 | 0 | |a Doctrinas políticas |9 255835 | |
| 650 | 0 | |a Ciencias Políticas |9 255201 | |
| 650 | 7 | |a FILOSOFIA POLITICA |2 CL-VaPUC |9 376141 | |
| 650 | 0 | |a Política |9 255312 | |
| 650 | 0 | |a Liberalismo |9 255715 | |
| 650 | 0 | |a Ideologías |9 255200 | |
| 583 | |a last modification |c 19970106 00:00:00 |k Rodrigo Vera | ||
| 999 | |c 254939 |d 254937 | ||
| 952 | |0 0 |1 0 |4 0 |6 320_512000000000000_DIE_1945 |7 0 |8 A |9 276927 |a BIBDER |b BIBDER |d 2019-11-19 |i 1800655 |o 320.512 DIE 1945 |p 1800655 |r 2023-01-25 |w 2019-11-19 |y BK |k DER | ||